000 00452nam a2200181Ia 4500
001 8106
005 20260306160544.0
008 260306t2009||||xx |||||||||||||| ||spa||
041 _aESP
082 _a370.1
_bS83T
100 _aStramiello, Clara Inés
_eAUT
245 0 _aTres momentos tres educadores:
_bla educación popular
260 _c2009
300 _a140 páginas :
_c18 cm.
650 _aGEN
654 _aCED
942 _cLIB
_dJUS
_fJUS
_2ddc
_n
999 _c8106
_d8106